La adquisición del dominio juzgada con perspectiva de género (Registro nro. 31972)

Detalles MARC
000 -LEADER
fixed length control field 00388 a2200121 4500
001 - CONTROL NUMBER
control field ART_53312
005 - DATE AND TIME OF LATEST TRANSACTION
control field 20260410162008.0
008 - FIXED-LENGTH DATA ELEMENTS--GENERAL INFORMATION
fixed length control field 260409a
100 1# - MAIN ENTRY--PERSONAL NAME
Personal name Humphreys, Ethel
245 10 - TITLE STATEMENT
Title La adquisición del dominio juzgada con perspectiva de género
700 1# - ADDED ENTRY--PERSONAL NAME
Personal name Arcaro, Edgardo N. (h)
773 0# - HOST ITEM ENTRY
Title Temas de derecho civil
Related parts - Año 7, N° 9 (sep. 2021)
Record control number REV34778

No hay ítems disponibles.